| 000 | 01034nam a22002417a 4500 | ||
|---|---|---|---|
| 999 |
_c64618 _d64618 |
||
| 005 | 20240530110741.0 | ||
| 008 | 180925s2016 ua bh g b 000 0 ara d | ||
| 017 |
_a2015/22385 _bمصر. دار الكتب |
||
| 020 | _a9789777353670 | ||
| 040 |
_aEG-CaGPL _cEG-CaGPL |
||
| 082 | 0 | 4 |
_221 _a953.0748 / _bخ ت |
| 100 | 0 | _aخلود سلطان بخيت البخيت | |
| 245 | 1 | 0 |
_aتاريخ وحضارة مدينة ذى جبلة باليمن حتى نهاية الدولة الرسولية : _b( 439 - 858 هـ / 1047 - 1454 م ) / _cتاليف خلود سلطان بخيت البخيت |
| 250 | _aط.1 | ||
| 260 |
_aالاسكندرية : _bدار الوفاء لدنيا الطباعة و النشر ، _c2016. |
||
| 300 |
_a387 ص. : _bايض ؛ _c24 سم. |
||
| 504 | _aيشتمل على ارجاعات ببليوجرافية | ||
| 650 | _2qrmak | ||
| 651 | 0 | 7 |
_2qrmak _aاليمن _xتاريخ |
| 651 | 0 | 7 |
_2qrmak _aذى جبلة ( اليمن ) _xتاريخ |
| 942 |
_2ddc _cBK |
||